| 000 | 00348nam a2200133Ia 4500 | ||
|---|---|---|---|
| 005 | 20260328101516.0 | ||
| 008 | 260328s9999||||xx |||||||||||||| ||und|| | ||
| 100 | _aDrexler, Arthur | ||
| 245 | 4 |
_aThe Architecture of Japan / _cArthur Drexler |
|
| 260 | _bThe Museum of Modern Art | ||
| 300 | _a286 p. | ||
| 650 | _aARQUITECTURA REGIONAL | ||
| 942 | _cBK | ||
| 999 |
_c9392 _d9392 |
||